000 00322nam a2200121Ia 4500
008 240731s9999 xx 000 0 und d
022 _a2576-5299
245 0 _aArab Journal of Basic and Applied Sciences
260 _bTaylor & Francis
856 _uhttps://www.tandfonline.com/loi/tabs20
942 _2ddc
942 _cTFEJ
999 _c75377
_d75377
945 _a1
_bMadushi Gamage
_c1
_dMadushi Gamage